000 00506nam a2200169Ia 4500
003 GCL
008 140319s9999 xx 000 0 ara d
040 _aGCL /
_cGCL
082 0 4 _a224.2
_bع ا
100 1 _aعبدالجواد الطيب
245 1 0 _aالاعراب الكامل لايات القران الكريم /
_cعبدالجواد الطيب
260 _a[S.N] :
_bمكتبة الاداب
490 _a
650 0 4 _aالبلاغة
650 0 4 _aالقران - الفاظ
942 _2ddc
_cBK
999 _c53025
_d53025